00660nam a22001937a 450000500170000001000150001702000260003203500130005803700130007108200130008410000200009724500430011726000310016027000790019130000260027094200270029699900170032395201260034020140801115831.0 aENG-109962 a9789351431442c150.00 aEN-93495 bDBAD/PUB a346.5402 aRosedar, S.R.A. aLaw of contract-I /cby S.R.A. Rosedar aGurgaonbLexis Nexisc2014 a14th Floor, Bldg No.10, Tower-B, DLF Cyber City, Phase-IIbGurgaone122002 aviii,125p.c22cm(pbk) 2ddccENmROSh346.5402 c84393d84393 001040718NFICaDBADbDBADd2014-05-21eDBAD/PUBg150.00l0o346.5402 ROSpEN-93495r2014-05-21 00:00:00t1v150.00yEN